[Event "Moscow op-E"]
[Site "Moscow"]
[Date "2011.02.06"]
[Round "9.215"]
[White "Smagin, Nikita"]
[Black "Kovalev, Nikolay"]
[Result "1/2-1/2"]
[WhiteElo "2003"]
[BlackElo "1760"]
[PlyCount "44"]
[EventDate "2011.01.29"]
[EventType "swiss"]
[EventRounds "9"]
[EventCountry "RUS"]
[SourceTitle "EXT 2022"]
[Source "ChessBase"]
[SourceDate "2021.10.06"]
[SourceVersion "1"]
[SourceVersionDate "2021.10.06"]
[SourceQuality "1"]

1. e4 c5 2. Nf3 e6 3. d4 cxd4 4. Nxd4 Nf6 5. Nc3 a6 6. e5 Nd5 7. Nxd5 exd5 8. Nf3 Qc7 9. Bd3 h6 10. 0-0 d6 11. Bf4 Be6 12. Re1 Nc6 13. exd6 Bxd6 14. Bxd6 Qxd6 15. Bf5 0-0-0 16. Bxe6+ fxe6 17. Nd4 Rhe8 18. Nxc6 Qxc6 19. Qg4 Rd7 20. Qh5 Rf8 21. Qe5 Rf6 22. Rad1 Rdf7 1/2-1/2

[Event "Moscow op-E"]
[Site "Moscow"]
[Date "2011.01.31"]
[Round "3.181"]
[White "Kovalev, Nikolay"]
[Black "Gusev, Denis"]
[Result "0-1"]
[WhiteElo "1760"]
[BlackElo "2112"]
[PlyCount "36"]
[EventDate "2011.01.29"]
[EventType "swiss"]
[EventRounds "9"]
[EventCountry "RUS"]
[SourceTitle "EXT 2022"]
[Source "ChessBase"]
[SourceDate "2021.10.06"]
[SourceVersion "1"]
[SourceVersionDate "2021.10.06"]
[SourceQuality "1"]

1. e4 c5 2. Nf3 a6 3. d4 cxd4 4. Nxd4 e5 5. Nf3 Nf6 6. Nc3 Bb4 7. Bg5 Qc7 8. Bxf6 Bxc3+ 9. bxc3 Qxc3+ 10. Nd2 gxf6 11. Bd3 Rg8 12. 0-0 d5 13. Re1 Bg4 14. Nf3 Nc6 15. Kf1 Nd4 16. Qd2 Bxf3 17. Qxc3 Bxg2+ 18. Kg1 Nf3# 0-1